| 000 | 00731nam a2200217 a 4500 | ||
|---|---|---|---|
| 005 | 20221115063528.0 | ||
| 008 | 140623s2004 ea r 000 0 spa d | ||
| 020 | _a0439584345 | ||
| 035 | _aUPN01000198233 | ||
| 049 | _aI | ||
| 050 | 4 |
_aQL638.9 _bB4.6 |
|
| 100 | 1 |
_aBerger, Melvin _931760 |
|
| 245 | 1 | 1 |
_a¿Qué cenan los tiburones? : _bpreguntas y respuestas sobre los tiburones / _cMelvin Berger, Gilda Berger ; il. John Rice. |
| 260 |
_aNew York : _bScholastic, _c2004. |
||
| 300 |
_a48 p. : _bil. col. |
||
| 440 | 0 | _aPreguntas y respuestas | |
| 650 | 4 |
_aTIBURONES - _vLITERATURA INFANTIL _923174 |
|
| 650 | 7 |
_aAnimales _vLiteratura infantil _2 _91061 |
|
| 700 | 1 |
_aBerger, Gilda, _d1935- _ecoaut. _943292 |
|
| 905 | _aInfantil | ||
| 999 |
_c170334 _d170334 |
||